| 000 | 00974nam a2200325 a 4500 | ||
|---|---|---|---|
| 003 | AR-BaBNM | ||
| 005 | 20251128203847.0 | ||
| 008 | 082120s2002 ||||||||||||||000 | spa|| | ||
| 040 | _cAR-BaBNM | ||
| 100 | 1 | _aPullias, Earl V. | |
| 245 | 0 | 0 | _aEl maestro ideal |
| 250 | _a2ª ed. | ||
| 260 |
_aMéxico, D.F. _bPax-México _c1974 |
||
| 300 |
_axxviii, 306 p. _bdiagr. |
||
| 504 | _aBibliografía y notas seleccionadas: p. 294-300 | ||
| 650 | 4 | _aROL DEL DOCENTE | |
| 650 | 4 | _aFINALIDADES DE LA EDUCACION | |
| 650 | 4 | _aPERFIL PROFESIONAL DEL DOCENTE | |
| 650 | 4 | _aEXPERIENCIA DEL DOCENTE | |
| 650 | 4 | _aRELACION ALUMNO-DOCENTE | |
| 650 | 4 | _aRELACIONES INTERPERSONALES | |
| 653 | _aPROCESO DE ENSEÑANZA-APRENDIZAJE | ||
| 700 | 1 | _aYoung, James Douglas | |
| 700 | 1 |
_aAngulo, Pilar _etraductor |
|
| 700 | 1 |
_aAvery, Paul J. _eprologuista |
|
| 700 | 1 |
_aGooder, Glen G. _eprologuista |
|
| 700 | 1 |
_aBonfil, Ramón G. _eprologuista |
|
| 942 | _cBK | ||
| 998 | _cSILVI | ||
| 999 |
_c5224 _d5224 |
||